000 00746nam a2200277Ia 4500
005 20260324145345.0
008 008 260324s9999 xx 000 0 eng d
020 _a9781003057482
037 _aEBOOK
040 _aCRL
040 _beng
040 _cCRL
041 _2eng
041 _aeng
084 _qCRL
100 _aAllan S. Krass; Peter Boskma; Boelie Elzen; Wim A. Smit; Stockholm International Peace Research Institute
_91222675
245 0 _aUranium Enrichment and Nuclear Weapon Proliferation
260 _bTaylor and Francis
260 _c1983
365 _a
365 _b205
856 _uhttp://www.taylorfrancis.com/books/9781003057482
942 _cEBOOK
999 _c1830474
_d1830474